[Event "HCL-B3872"]
[Site "www.playchess.de"]
[Date "2006.03.06"]
[Round "15"]
[White "German04"]
[Black "fighter"]
[WhiteElo "1151"]
[BlackElo "1330"]
[PlyCount "60"]
[Result "0-1"]

1.e4 e5 2.Nf3 Nf6 3.Nc3 Bb4 4.Bc4 O-O 5.d3 Nc6 
6.O-O a6 7.a3 b5 8.Bb3 Bc5 9.Be3 Nd4 10.Nxe5 Nxb3 
11.Rb1 Bxe3 12.fxe3 Na5 13.Ne2 d6 14.Nf3 Ng4 
15.Qd2 c5 16.h3 Ne5 17.Nc3 f5 18.exf5 Rxf5 19.Nd5 
Nxf3+ 20.Rxf3 Rxd5 21.Rbf1 Nc6 22.Qe2 Bb7 23.c4 
Re5 24.R3f8+ Qxf8 25.Rxf8+ Rxf8 26.cxb5 axb5 
27.Kh2 Nd4 28.Qg4 Rxe3 29.Qd7 Bxg2 30.Qxd6 
Bxh3 0-1

[Event "HCL-A2562"]
[Site "www.playchess.de"]
[Date "2006.03.06"]
[Round "9"]
[White "q77ro"]
[Black "Salsa"]
[WhiteElo "1468"]
[BlackElo "1200"]
[PlyCount "43"]
[Result "1-0"]

1.e4 Nf6 2.e5 Ne4 3.d3 Nc5 4.d4 Ne4 5.Qd3 d5 
6.exd6 Nxd6 7.Nf3 Nc6 8.Ne5 Bf5 9.Nxc6 bxc6 10.Qc3 
Be4 11.Nd2 e6 12.Nxe4 Nxe4 13.Qxc6+ Ke7 14.Qxe4 
Rb8 15.b3 f5 16.Qe5 Rb6 17.Ba3+ Kf7 18.Bxf8 Rxf8 
19.Bc4 Kg8 20.Bxe6+ Kh8 21.O-O f4 
22.f3 1-0

[Event "HCL-B3895"]
[Site "www.playchess.de"]
[Date "2006.03.06"]
[Round "9"]
[White "DavidFields"]
[Black "pera"]
[WhiteElo "1198"]
[BlackElo "1026"]
[PlyCount "34"]
[Result "0-1"]

1.d4 {hello from Texas, USA}  d5 {Hi from Finland. 
Good luck for the game.}  2.c4 c6 3.c5 e5 4.b4 Nd7 
5.dxe5 Nxe5 6.e3 b6 7.f4 Ng4 8.Be2 bxc5 9.Bxg4 
cxb4 10.a3 bxa3 11.Nxa3 Qa5+ 12.Qd2 Bb4 13.Bxc8 
{DUMB MOVE ON MY PART}  Bxd2+ {I've done a lot of 
those...}  14.Bxd2 Qc7 15.Ba6 Nf6 16.Nf3 Ne4 
17.Bc1 Qa5+ 0-1

[Event "HCL-C4192"]
[Site "www.playchess.de"]
[Date "2006.03.06"]
[Round "1"]
[White "gronico"]
[Black "Henri"]
[WhiteElo "1189"]
[BlackElo "716"]
[PlyCount "51"]
[Result "1-0"]

1.e4 e5 {Bonjour et Bonne partie}  2.Bc4 {bonjour, 
idem !}  Nf6 3.Nc3 Bc5 4.Nf3 Nc6 5.d3 O-O 6.Bg5 
Be7 7.O-O a6 8.a3 h6 9.Bxf6 Bxf6 10.Nd5 b5 
11.Nxf6+ Qxf6 12.Bd5 Bb7 13.d4 exd4 14.Bxc6 Bxc6 
15.Qxd4 Qg6 16.Rfe1 d6 17.c4 bxc4 18.Qxc4 Bd7 
19.Qxc7 Rad8 20.Rad1 Bg4 21.Rd3 f5 22.exf5 Qxf5 
23.Rde3 Rd7 24.Qc4+ Kh8 25.Qxa6 Qg6 
26.Ne5 1-0

[Event "HCL-E1581"]
[Site "www.playchess.de"]
[Date "2006.03.06"]
[Round "9"]
[White "guanzi"]
[Black "Duffy"]
[WhiteElo "1614"]
[BlackElo "1610"]
[PlyCount "82"]
[Result "0-1"]

1.c4 e6 2.Nc3 d5 3.cxd5 exd5 4.g3 c5 5.Bg2 Nf6 
6.d4 Nc6 7.dxc5 Bxc5 8.Bg5 d4 9.Ne4 Be7 10.Nxf6+ 
Bxf6 11.Bxf6 Qxf6 12.Nf3 O-O 13.Qd2 Bg4 14.O-O 
Rfe8 15.Rfe1 Rad8 16.Rac1 d3 17.h3 dxe2 18.Rxe2 
Bxh3 19.Rxe8+ Rxe8 20.Kh2 Bxg2 21.Kxg2 h6 22.a3 
Rd8 23.Qc3 Qxc3 24.Rxc3 a6 25.Nh4 Rd2 26.Rb3 b5 
27.Nf5 Na5 28.Rb4 Nc4 29.Ne7+ Kf8 30.Nc6 Rxb2 
31.Rxb2 Nxb2 32.Nb4 Nc4 33.Nxa6 Nxa3 34.Kf3 Ke7 
35.Nb4 Kd6 36.Ke3 Nc4+ 37.Kd4 f5 38.f4 g5 39.fxg5 
hxg5 40.Nd3 Na5 41.Nb4 Nc6+ 0-1

[Event "HCL-E1582"]
[Site "www.playchess.de"]
[Date "2006.03.06"]
[Round "32"]
[White "ippuli"]
[Black "chess50"]
[WhiteElo "1608"]
[BlackElo "2085"]
[PlyCount "61"]
[Result "1/2-1/2"]

1.e4 {Hi! Good luck...}  e5 {Hi Good luck}  2.d4 
exd4 3.c3 dxc3 {Hi, Good luck!!!}  4.Bc4 cxb2 
5.Bxb2 d5 6.Bxd5 Nf6 7.Nc3 Be7 8.Qb3 Nxd5 9.Nxd5 
c6 10.Nxe7 Qxe7 11.Ne2 Qxe4 12.O-O O-O 13.Ng3 Qe6 
14.Qc3 f6 15.Rfe1 Qf7 16.Re3 Na6 17.Rae1 Bd7 
18.R3e7 {Hömmm}  Qd5 19.Ne4 Rf7 20.Nxf6+ 
{Arghhh!!}  gxf6 21.Rxf7 Qxf7 22.Qg3+ Kh8 23.Qd6 
Re8 24.Bxf6+ Kg8 25.Qg3+ Qg6 26.Qb3+ Kf8 27.Rxe8+ 
Bxe8 28.Qb2 c5 29.Bh4 Qe4 30.Qf6+ Bf7 31.Qh8+ 
{(offering draw)}  1/2-1/2

[Event "HCL-B3838"]
[Site "www.playchess.de"]
[Date "2006.03.06"]
[Round "7"]
[White "kipkluifje02"]
[Black "Shaggydoo"]
[WhiteElo "1390"]
[BlackElo "1200"]
[PlyCount "29"]
[Result "1-0"]

1.e4 {have a nice game}  d6 {Same to you also!  
How are you today?}  2.d4 {fine as always}  e5 
3.d5 Nf6 {I doing good as well.  Do you live in 
Amsterdam?}  4.Nc3 {No, I'm living in the south 
(Bergen op Zoom) and you?}  Bg4 {I live in Texas, 
USA.}  5.f3 {I was never been in Texas, but I was 
in Arizona in the year 2000}  Bh5 6.h4 c6 7.g4 Bg6 
8.h5 Bxh5 {You are a tough opponent!   :)}  9.gxh5 
{thnx}  g6 10.hxg6 fxg6 11.Bg5 Be7 12.Qd2 O-O 
13.Qh2 h5 14.Qg2 Qb6 15.Bxf6 1-0

[Event "HCL-C4072"]
[Site "www.playchess.de"]
[Date "2006.03.06"]
[Round "16"]
[White "sigma40"]
[Black "Doris"]
[WhiteElo "1172"]
[BlackElo "537"]
[PlyCount "152"]
[Result "0-1"]

1.e4 {hello}  e5 {what State are you in?}  2.Nf3 
{confusion...kidding.  I am in California. You?}  
Bd6 {Northern New Jersey...}  3.Nc3 {ah..}  Nf6 
4.Bc4 O-O 5.d4 Qe7 6.d5 Bc5 7.O-O a6 8.a3 c6 9.b4 
Bb6 10.h3 cxd5 11.Bxd5 Bc7 12.Be3 d6 13.Ne2 Nbd7 
14.c4 Nb6 15.Ng3 Rb8 16.Nf5 Qe8 17.Bg5 Bd8 18.Qd3 
Na4 19.Qd2 Nxe4 20.Bxe4 Bc7 21.Bh6 gxh6 22.Nxh6+ 
Kh8 23.Bf5 Nb6 24.c5 dxc5 25.bxc5 Na4 26.Bc2 b5 
27.Rfe1 Nxc5 28.Qc3 f6 29.Qxc5 Bb6 30.Qd5 Be6 
31.Qe4 Qg6 32.Qxg6 hxg6 33.a4 b4 34.a5 Bc5 35.Nh4 
Bd6 36.Nxg6+ Kg7 37.Red1 Rfc8 38.Nf5+ Kxg6 39.Rxd6 
Bxf5 40.Bxf5+ Kxf5 41.g4+ Kg5 42.Rxa6 Rc3 43.Kg2 
b3 44.Rd6 b2 45.Rb1 Rc1 46.Rxb2 {I think you got 
this one Doris. You played much better than the 
last time we played. I look forward to our next 
game.}  Rxb2 47.Kg3 Kg6 48.h4 Rc3+ 49.Kg2 Rc4 
50.h5+ Kg5 51.a6 Rxg4+ 52.Kf1 Kxh5 53.Rxf6 Rb1+ 
54.Ke2 Rg5 55.a7 Ra1 56.Rf7 Kg6 57.Re7 Kf6 58.Rb7 
Rg8 59.Ke3 Ra3+ 60.Ke2 Ra8 61.f3 R3xa7 62.Rxa7 
Rxa7 63.Ke3 Ra4 64.f4 exf4+ 65.Kf3 Kf5 66.Kf2 Re4 
67.Kf3 Re3+ 68.Kf2 Ke4 69.Kf1 f3 70.Kf2 Re2+ 
71.Kf1 Ke3 72.Kg1 Re1+ 73.Kh2 Re2+ 74.Kg1 Re1+ 
75.Kh2 Kf4 76.Kh3 Rh1+ 0-1

[Event "HCL-A2641"]
[Site "www.playchess.de"]
[Date "2006.03.06"]
[Round "9"]
[White "maus"]
[Black "cliffoliveira"]
[WhiteElo "1413"]
[BlackElo "1435"]
[PlyCount "31"]
[Result "1-0"]

1.e4 {hello}  c5 {hello, goog luck}  2.Bc4 d6 
3.Nf3 Nf6 4.Nc3 a6 5.Ng5 e6 6.d4 b5 7.Be2 cxd4 
8.Qxd4 Nc6 9.Qd3 Bb7 10.a3 Be7 11.O-O O-O 12.f4 
Rc8 13.Be3 e5 14.Nd5 Nxd5 15.exd5 Nd4 
16.Qxh7+ 1-0

[Event "HCL-A2608"]
[Site "www.playchess.de"]
[Date "2006.03.06"]
[Round "25"]
[White "stevetilbury"]
[Black "maus"]
[WhiteElo "1640"]
[BlackElo "1390"]
[PlyCount "41"]
[Result "1-0"]

1.e4 {Hello from london}  e5 {hello}  2.Nf3 d6 
3.d4 exd4 4.Nxd4 Nf6 5.Nc3 c5 6.Bb5+ Bd7 7.Nf5 
Bxb5 8.Nxb5 Qa5+ 9.Nc3 Nxe4 10.Qe2 d5 11.O-O Nc6 
12.Nxd5 O-O-O 13.Qxe4 g6 14.Nfe7+ Nxe7 15.Nxe7+ 
Bxe7 16.Qxe7 Rhe8 17.Qxf7 Re1 18.Bg5 Rxf1+ 19.Rxf1 
Rd7 20.Qe8+ Kc7 21.Bf4+ 1-0

[Event "ACL-B032"]
[Site "www.playchess.de"]
[Date "2006.03.06"]
[Round "29"]
[White "Peter_Richard"]
[Black "Fred31"]
[WhiteElo "1747"]
[BlackElo "1555"]
[PlyCount "39"]
[Result "1-0"]

1.d4 {Hello again!}  d5 {Hello !}  2.c4 Nf6 3.cxd5 
Nxd5 4.e4 Nb6 5.Bf4 e6 6.Nf3 Bd7 7.Nc3 Be7 8.Rc1 
O-O 9.Bd3 h6 10.O-O c6 11.Qb3 c5 12.d5 exd5 
13.exd5 Bf6 14.Be4 Qc8 15.Rfe1 Na6 16.Be5 c4 
17.Qd1 Re8 18.Bxf6 gxf6 19.Qd2 f5 
20.Qxh6 1-0

[Event "HCL-B3785"]
[Site "www.playchess.de"]
[Date "2006.03.06"]
[Round "4"]
[White "handrej68"]
[Black "newplayer"]
[WhiteElo "1437"]
[BlackElo "1088"]
[PlyCount "105"]
[Result "1-0"]

1.d4 d5 2.Bg5 h6 3.Bh4 g5 4.Bg3 h5 5.h3 h4 6.Bh2 
g4 7.hxg4 Bxg4 8.Nc3 e6 9.f3 Bf5 10.Nb5 Bd6 
11.Bxd6 cxd6 12.e3 a6 13.Nc3 Qa5 14.Bd3 Bxd3 
15.Qxd3 b5 16.Kf2 b4 17.Nce2 Qb6 18.Nh3 a5 19.c3 
b3 20.a4 Qa6 21.Qd1 Qb6 22.Ra3 Nd7 23.Rxb3 Qc6 
24.Nef4 e5 25.dxe5 Nxe5 26.Nxd5 Ne7 27.Nhf4 Nxd5 
28.Nxd5 Rc8 29.Qd4 Kd7 30.Qa7+ Ke6 31.Nf4+ Kf6 
32.Qxa5 Rca8 33.Qd5 Rxa4 34.Qxc6 Nxc6 35.Nd5+ Ke5 
36.e4 Rb8 37.Rxb8 Nxb8 38.Rxh4 Ra2 39.Rh5+ Ke6 
40.Nf4+ Kf6 41.Rf5+ Ke7 42.Nd3 Na6 43.Rb5 Ra1 
44.Rb6 Nc5 45.Nxc5 dxc5 46.Rb7+ Kf6 47.Rb5 Ra2 
48.Kg3 Ke6 49.Rxc5 Rxb2 50.Rd5 Rc2 51.Rc5 Kd6 
52.Rc4 f6 53.Kh3 1-0

[Event "HCL-C4204"]
[Site "www.playchess.de"]
[Date "2006.03.06"]
[Round "2"]
[White "Azimut"]
[Black "gronico"]
[WhiteElo "1515"]
[BlackElo "1205"]
[PlyCount "62"]
[Result "0-1"]

1.e3 {Bonjour et bonne chance dans ce tournoi.}  
g6 2.g3 d6 {merci ! idem !}  3.Bg2 Bg7 4.Ne2 Bg4 
5.Bxb7 Nd7 6.Bxa8 Qxa8 7.Rg1 Ngf6 8.d3 Ne5 9.Nd2 
O-O 10.e4 Bh6 11.f4 Nc6 12.Rh1 Nd4 13.c3 {Cd4!! 
Pas vu venir ... :-)}  Nxe2 {oui mais je sais pas 
si c'est très dangereux !}  14.Qc2 {En tous cas, 
ça met mes plans en l'air. :-) Me voilà maintenant 
sur la défensive...}  Nxc1 {:-) tu es d'où ?}  
15.Rxc1 {Je suis du Mans et toi?}  d5 {guadeloupe 
(saint martin)}  16.h3 {Quel temps fait-il à la 
Guadeloupe? Ici, il neige à gros flocons depuis ce 
matin... c'est joli mais ça fini par être 
lassant.}  Be6 {ici il fait tjrs grand soleil et 
crois moi si tu veux mais c'est tt aussi lassant 
!}  17.c4 {Oui, je veux bien croire que la chaleur 
soit fatiguante. Ah, on n'est jamais content. :-)} 
 dxe4 {oui ! on est tous des eternels insatisfaits 
!}  18.Nxe4 Bf5 19.Nxf6+ exf6 20.Rh2 Re8+ 21.Kf2 
g5 22.g4 Bd7 23.f5 Bf8 24.d4 Re4 25.Kg1 Rxd4 26.c5 
a5 27.Qc3 Qd5 28.Rhc2 Bc6 29.Kh2 Bb5 30.Qe3 c6 
31.R2c3 Rd2+ 0-1

[Event "HCL-B3872"]
[Site "www.playchess.de"]
[Date "2006.03.06"]
[Round "18"]
[White "scaper"]
[Black "The_Iceman75"]
[WhiteElo "1476"]
[BlackElo "1495"]
[PlyCount "65"]
[Result "1-0"]

1.d4 {hallo!}  Nf6 {Moin Moin aus Hamburg}  2.c4 
{na denn man tau!}  c5 3.d5 b5 4.cxb5 a6 5.bxa6 
Bxa6 6.Nf3 d6 7.Bg5 Nfd7 8.Qc2 Qa5+ 9.Bd2 Qc7 
10.Nc3 g6 11.h4 h5 12.e4 Bg7 13.Bxa6 Nxa6 14.O-O 
O-O 15.Nb5 Qb6 16.a4 Nb4 17.Bxb4 cxb4 18.Qd2 b3 
19.Nbd4 Nc5 20.a5 Qb7 21.Rfe1 Ra6 22.Nc6 Rfa8 
23.e5 Rxc6 24.dxc6 Qxc6 25.Rac1 Qb5 26.exd6 exd6 
27.Qd5 Rxa5 28.Re7 Ne6 29.Rc8+ Kh7 30.Qxb5 Rxb5 
31.Rxf7 Kh6 32.Re8 Nd4 33.Nxd4 1-0

[Event "HCL-A2577"]
[Site "www.playchess.de"]
[Date "2006.03.06"]
[Round "1"]
[White "Bauernopfer"]
[Black "Crusaders"]
[WhiteElo "1342"]
[BlackElo "1781"]
[PlyCount "62"]
[Result "1/2-1/2"]

1.c3 d5 2.d4 Nf6 3.Nf3 Bf5 4.Bf4 Nc6 5.e3 e6 6.Bb5 
Qd7 7.O-O Bd6 8.Bxd6 cxd6 9.Nbd2 O-O 10.h3 a6 
11.Ba4 b5 12.Bc2 Bxc2 13.Qxc2 Rfc8 14.Ng5 Nb4 
15.Qb3 Nc6 16.Qc2 h6 17.Ngf3 a5 18.a3 e5 19.Rab1 
b4 20.axb4 axb4 21.Rba1 bxc3 22.bxc3 e4 23.Rxa8 
Rxa8 24.Ne1 Ne7 25.c4 Rc8 26.Qb3 dxc4 27.Nxc4 Qe6 
28.Nd2 Qxb3 29.Nxb3 Rc3 30.Nd2 d5 31.g3 Rc1 
{(offering draw)}  1/2-1/2

[Event "HCL-M893"]
[Site "www.playchess.de"]
[Date "2006.03.06"]
[Round "3"]
[White "BanzayFish"]
[Black "Henk"]
[WhiteElo "1889"]
[BlackElo "1799"]
[PlyCount "51"]
[Result "1-0"]

1.e4 {Hallo, veel plezier en succes}  c5 {Laten we 
er wat moois van maken!}  2.Nf3 {doen we!}  d6 
3.d4 cxd4 4.Nxd4 Nf6 5.Nc3 a6 6.Bc4 e6 7.Bb3 Nbd7 
8.g4 Nc5 9.Qe2 Be7 10.Bd2 Qc7 11.O-O-O Nxb3+ 
12.Nxb3 b5 13.Bf4 e5 14.g5 exf4 15.gxf6 Bxf6 
16.Nd5 Qd8 17.Nd4 O-O 18.Nc6 Qd7 19.Nxf6+ gxf6 
20.Rhg1+ Kh8 21.Qd2 Qxc6 22.Qxf4 Bf5 23.Qxf5 {ik 
ben tevreden over het eindspel}  d5 {Dat kan ik me 
wel voorstellen!}  24.exd5 {en het zach er toch 
niet naar uit dat de game zich zo zou 
ontwikkelen.}  Qd6 25.Rd4 Rfg8 26.Qxh7+ {leuke 
match}  1-0

[Event "HCL-C4173"]
[Site "www.playchess.de"]
[Date "2006.03.06"]
[Round "15"]
[White "mib"]
[Black "cla114"]
[WhiteElo "906"]
[BlackElo "824"]
[PlyCount "44"]
[Result "0-1"]

1.e4 e5 2.Qf3 Nf6 3.Bc4 Bc5 4.d3 d6 5.Bg5 O-O 
6.Nc3 {Hey!, where from?
}  Qe8 {Milan, Italy, and u?}  7.Bxf6 Be6 8.Bb5 c6 
9.Bxg7 Kxg7 10.Bc4 Kh8 11.Nce2 Rg8 12.O-O-O d5 
13.exd5 cxd5 14.Bxd5 Nc6 15.Bxe6 Qxe6 16.Kb1 Nb4 
17.Nc3 Bd4 18.Nge2 Rac8 19.Nxd4 exd4 20.Qxb7 a5 
21.Nb5 Qxa2+ 22.Kc1 Rxc2+ 0-1

[Event "HCL-C4205"]
[Site "www.playchess.de"]
[Date "2006.03.06"]
[Round "7"]
[White "ivofle"]
[Black "patzer55"]
[WhiteElo "840"]
[BlackElo "1482"]
[PlyCount "36"]
[Result "0-1"]

1.e4 e5 2.a3 Nf6 3.Nc3 d5 4.exd5 Nxd5 5.Nge2 c6 
6.Ne4 Qh4 7.g3 Qxe4 8.Rg1 Bc5 9.d3 Qf3 10.Bg5 
Bxf2+ 11.Kd2 Bxg1 12.Kc1 Be3+ 13.Kb1 Bxg5 14.Ka2 
Ne3 15.Qd2 h6 16.Qb4 Nxc2 17.Qb3 Be6 18.Ng1 
Bxb3+ 0-1

[Event "HCL-E1546"]
[Site "www.playchess.de"]
[Date "2006.03.06"]
[Round "13"]
[White "XANDERKIRV"]
[Black "PLAYCHESS1963"]
[WhiteElo "1472"]
[BlackElo "1707"]
[PlyCount "86"]
[Result "1/2-1/2"]

1.e4 c5 2.Nf3 d6 3.Bb5+ Bd7 4.Bxd7+ Qxd7 5.d4 cxd4 
6.Nxd4 Nf6 7.Nc3 e6 8.Be3 a6 9.f3 Be7 10.Qd2 Qc7 
11.O-O-O Nbd7 12.g4 h6 13.h4 Ne5 14.g5 hxg5 
15.hxg5 Nh5 16.f4 Nc4 17.Qe2 g6 18.f5 Nxe3 19.Qxe3 
e5 20.Nf3 Rc8 21.f6 Bf8 22.Qd2 Rg8 23.Ne1 b5 
24.Nd5 Qc6 25.Rh3 Rh8 26.Rc3 Qb7 27.Rxc8+ Qxc8 
28.Ne7 Bxe7 29.fxe7 Qc6 30.Qxd6 Qxd6 31.Rxd6 Kxe7 
32.Rxa6 Ng3 33.Ra7+ Kf8 34.Ra8+ Kg7 35.Rxh8 Kxh8 
36.Nf3 Nxe4 37.Nxe5 Nxg5 38.b3 Kg7 39.a4 bxa4 
40.bxa4 Ne6 41.Kd2 Kf6 42.Nd3 g5 43.a5 Ke7 
{(offering draw)}  1/2-1/2

[Event "HCL-E1530"]
[Site "www.playchess.de"]
[Date "2006.03.06"]
[Round "5"]
[White "hakam_kilani"]
[Black "chochoyp"]
[WhiteElo "2000"]
[BlackElo "2080"]
[PlyCount "70"]
[Result "0-1"]

1.e4 c5 {Good game from paris}  2.Nf3 d6 3.d4 cxd4 
4.Nxd4 Nf6 5.Nc3 a6 6.Bd3 e6 7.Bg5 Be7 8.O-O Nc6 
9.Nce2 O-O 10.a3 Qb6 11.Nb3 Bd7 12.Be3 Qc7 13.h3 
d5 14.exd5 Nxd5 15.Bd2 Ne5 16.Nf4 Nxd3 17.Nxd5 
exd5 18.cxd3 Ba4 19.Rc1 Qb6 20.Rc3 d4 21.Rc1 Bxb3 
22.Qg4 Be6 23.Qg3 Bd6 24.Qh4 Qd8 25.Bg5 f6 26.Bd2 
Bf5 27.g4 Bxd3 28.Rfe1 Qd7 29.Qh5 f5 30.g5 Qf7 
31.Qh4 f4 32.f3 Qg6 33.Kh2 Rf5 34.Reg1 Re8 35.Ba5 
Rxa5 0-1

[Event "HCL-T266"]
[Site "www.playchess.de"]
[Date "2006.03.06"]
[Round "24"]
[White "pruliere"]
[Black "wbaldan"]
[WhiteElo "1830"]
[BlackElo "1700"]
[PlyCount "54"]
[Result "1/2-1/2"]

1.e4 e6 2.d4 d5 3.Nc3 Bb4 4.e5 c5 5.a3 Bxc3+ 
6.bxc3 Ne7 7.Qg4 Ng6 8.Nf3 Qc7 9.Bd2 Nc6 10.Bd3 
Nce7 11.O-O Bd7 12.Bg5 Nf5 13.Qh3 c4 14.Bxf5 exf5 
15.Nh4 O-O 16.Nxg6 fxg6 17.Be7 Rf7 18.Bd6 Qd8 
19.f4 g5 20.Qe3 Be6 21.fxg5 g6 22.Qf4 b5 23.Rf3 a6 
24.Rh3 Raa7 25.Rf1 Rfg7 26.Rff3 Qd7 27.Rf1 Qf7 
{(offering draw)}  1/2-1/2

[Event "HCL-B3929"]
[Site "www.playchess.de"]
[Date "2006.03.06"]
[Round "9"]
[White "foinaven"]
[Black "rookmaster"]
[WhiteElo "1411"]
[BlackElo "1105"]
[PlyCount "21"]
[Result "1-0"]

1.d4 d5 {hi}  2.e4 {Good luck!}  dxe4 3.Nc3 Bf5 
4.f3 exf3 5.Nxf3 Bg4 6.h3 Bxf3 7.Qxf3 c6 8.Be3 e6 
9.Bd3 h6 10.O-O Bb4 11.Qxf7+ 1-0

[Event "HCL-E1573"]
[Site "www.playchess.de"]
[Date "2006.03.06"]
[Round "4"]
[White "alldrix"]
[Black "yannick"]
[WhiteElo "1635"]
[BlackElo "1532"]
[PlyCount "195"]
[Result "1-0"]

1.e4 {hello! :)}  c5 {hi good game}  2.b4 cxb4 
3.d4 Nf6 4.e5 Ne4 5.Bd3 d5 6.exd6 Nxd6 7.Nf3 Qa5 
8.O-O Be6 9.Nbd2 Bxa2 10.Ne4 Nxe4 11.Bxe4 Nc6 
12.d5 Nd8 13.Qd4 Qa4 14.Qb2 b3 15.Re1 Qc4 16.Ne5 
Qb4 17.Bf4 e6 18.Nd3 Qc4 19.Bd2 h6 20.Ne5 Qc5 
21.cxb3 exd5 22.Bc2 Be7 23.Rxa2 d4 24.Nd3 Qd5 
25.Bb4 Nc6 26.Bxe7 Nxe7 27.Re5 Qd6 28.Qa3 Qd8 
29.Ra1 Rc8 30.Rae1 O-O 31.R5xe7 Rxc2 32.R7e2 Rc3 
33.Rd2 Qb6 34.Nc1 Rfc8 35.Red1 a6 36.Qb2 Re8 
37.Ne2 Rxb3 38.Qxd4 Qc6 39.Ng3 Qb5 40.h3 b6 41.Qf4 
Rb4 42.R2d4 Rb1 43.Rxb1 Qxb1+ 44.Kh2 Qb5 45.Rb4 
Qc5 46.Qd4 a5 47.Qxc5 bxc5 48.Ra4 Ra8 49.Ne4 c4 
50.Rxc4 a4 51.Rc2 a3 52.Ra2 Kf8 53.Nc3 Ke7 54.Nb5 
Ra5 55.Nxa3 Kf6 56.Ra1 Kg5 57.Nc2 Rc5 58.Ne3 Kg6 
59.g4 h5 60.Kg3 hxg4 61.hxg4 Kg5 62.f4+ Kg6 63.Ra3 
Kh7 {see you later for our  2 games I'm busy}  
64.Ra7 Kg6 65.f5+ Kf6 66.Kf4 g5+ 67.Ke4 Rc1 
68.Nd5+ Kg7 69.Ne3 Kf6 70.Rc7 Re1 71.Kd4 Rg1 
72.Rc6+ Kg7 73.Rc4 Kh6 74.Ke5 Re1 75.Re4 Kg7 
76.Nd5 Rf1 77.Ne7 f6+ 78.Ke6 Ra1 79.Rd4 Re1+ 
80.Kd6 Kf7 81.Ng6 Rh1 82.Kd7 Rg1 83.Kd8 Kg7 84.Ke8 
Re1+ 85.Ne7 Re2 86.Kd8 Rh2 87.Ng6 Rb2 88.Rd7+ Kg8 
89.Ne7+ Kf8 90.Nd5 Rc2 91.Rd6 Rd2 92.Kd7 Kg7 
93.Ke7 Ra2 94.Nxf6 Rg2 95.Nh5+ Kh7 96.Kf6 Rxg4 
97.Rd7+ Kh8 98.Kg6 1-0

[Event "HCL-A2576"]
[Site "www.playchess.de"]
[Date "2006.03.06"]
[Round "19"]
[White "Kannsnich"]
[Black "RUDI"]
[WhiteElo "1319"]
[BlackElo "1249"]
[PlyCount "67"]
[Result "1/2-1/2"]

1.c4 {du schon wieder....}  d6 {nachdem Du mich 
letztens soooo verprügelt hast, hast Du jetzt nix 
anderes verdient}  2.d4 {na soo verprügelt hab ich 
dich ja auch nicht....}  Bf5 {hab ich letztens zu 
Dir auch gesagt...}  3.Nc3 {ja gut normalerweise 
währst jetzt du wieder dran}  g6 
{jaaaaaaa!!!!!!!!}  4.Nf3 {aber hoffentlich nur in 
deinen träumen}  c6 {ja, Du hast Dich stark 
verbessert seither, Du bist erst seit kurzem im 
Verein, oder?}  5.g3 {nö eigentlich schon 2 jahre, 
es ist bloß so,daß ich hier einige partien 
runterblitz und manchmal probier ich einfach 
verschiedene züge um auszuprobieren}  Bg7 6.Bg2 
Nf6 7.O-O O-O 8.Re1 d5 9.cxd5 Nxd5 10.Nxd5 cxd5 
11.Nh4 Qd7 12.Nxf5 Qxf5 13.b3 e6 14.Bb2 Nd7 15.Rc1 
Rfc8 16.Qd2 Nb6 17.Rxc8+ Rxc8 18.Rc1 Rxc1+ 19.Qxc1 
Bf8 20.f3 Qf6 21.Qc7 Qf5 22.Qc1 Qf6 23.e4 dxe4 
24.fxe4 Qe7 25.Qc3 Qb4 26.Qc1 Bg7 27.Qd1 h6 28.a3 
Qe7 29.Qd2 Nd7 30.Qc2 Qd8 31.Kf2 b6 32.Ke3 Nf6 
33.Bf3 Nd7 34.a4 {(offering draw)} 
 1/2-1/2

[Event "HCL-M892"]
[Site "www.playchess.de"]
[Date "2006.03.06"]
[Round "4"]
[White "Tapiwa"]
[Black "Johan_Matthys"]
[WhiteElo "1958"]
[BlackElo "1668"]
[PlyCount "43"]
[Result "1-0"]

1.e4 c5 2.Nf3 d6 3.d4 cxd4 4.Nxd4 Nc6 5.Bb5 Qb6 
6.Nc3 Bd7 7.Be3 Qd8 8.O-O g6 9.Qd3 Bg7 10.Nxc6 
Bxc6 11.Bxc6+ bxc6 12.Rfd1 Qb8 13.Qc4 c5 14.Rab1 
Nf6 15.e5 dxe5 16.Bxc5 Nd7 17.Rxd7 Kxd7 18.Qa4+ 
Ke6 19.Qc6+ Kf5 20.Qd7+ e6 21.Qd3+ Kg5 22.Ne4+ 
{Well, well,well!}  1-0

[Event "HCL-B3771"]
[Site "www.playchess.de"]
[Date "2006.03.06"]
[Round "22"]
[White "unclcarle"]
[Black "ama49"]
[WhiteElo "1099"]
[BlackElo "1193"]
[PlyCount "107"]
[Result "1-0"]

1.e4 {Hello again.  Have a great game}  e5 {good 
luck!}  2.Nf3 {Same to you.  :)}  Nc6 3.Bb5 Nd4 
4.Nxd4 exd4 5.d3 c6 6.Bc4 d5 7.exd5 cxd5 8.Bb5+ 
Bd7 9.Bxd7+ Qxd7 10.O-O Nf6 11.Re1+ Be7 12.Bg5 O-O 
13.Re5 Rfe8 14.Qf3 h6 15.Bxf6 Bxf6 16.Re2 Rxe2 
17.Qxe2 Re8 18.Qd2 Re6 19.Na3 Be7 20.b4 Rb6 21.c3 
dxc3 22.Qxc3 Bxb4 23.Qb3 Bc5 24.Qc3 Rc6 25.Qa5 Bd4 
26.Rb1 b6 27.Qb5 Rc7 28.Qb4 Bc5 29.Qb3 Bxa3 
30.Qxa3 a5 31.Rxb6 Rb7 32.Rxb7 Qxb7 33.h3 Qb4 
34.Qxb4 axb4 35.Kf1 f5 36.Ke2 Kf7 37.Kd2 Ke6 
38.Kc2 Kd6 39.d4 Kc6 40.Kb3 Kb5 41.f4 g6 42.g4 
fxg4 43.hxg4 g5 44.f5 Kc6 45.Kc2 Kd6 46.Kd2 {I 
agree.  Eventually :)}  Ke7 47.Ke2 Kf6 48.Kf3 h5 
49.gxh5 Kxf5 50.Kg3 Kf6 51.Kg4 Kg7 52.Kxg5 Kh7 
53.Kf5 Kh6 54.Ke5 1-0

[Event "HCL-T244"]
[Site "www.playchess.de"]
[Date "2006.03.06"]
[Round "3"]
[White "golddim"]
[Black "abebebikila"]
[WhiteElo "1468"]
[BlackElo "1732"]
[PlyCount "127"]
[Result "1-0"]

1.e4 e5 2.f4 exf4 {hi, good luck in this tounament 
again}  3.Nf3 {Thanks, good luck}  d6 4.d4 g5 5.h4 
g4 6.Ng1 Bh6 7.Ne2 Qf6 8.Nbc3 Ne7 9.Qd2 Nbc6 10.g3 
f3 11.Qxh6 Qxh6 12.Bxh6 fxe2 13.Bxe2 Nxd4 14.Bg7 
Nxc2+ 15.Kd2 Rg8 16.Kxc2 Rxg7 17.Raf1 Be6 18.h5 
Nc6 19.Kb1 Nd4 20.Bd1 O-O-O 21.h6 Rg5 22.Nd5 Bxd5 
23.exd5 f5 24.Rf4 Re8 25.Rxd4 Re3 {???what was I 
thinking?}  26.Rg1 {Happens...}  Rh5 27.Rf4 Rd3 
28.Bb3 Rd2 29.Rgf1 b5 30.R4f2 Rxf2 31.Rxf2 Rxh6 
32.Rxf5 Rh3 33.Rf7 h5 34.Rf5 Kb7 35.Bd1 Kb6 36.b4 
a5 37.bxa5+ Kxa5 38.Bb3 Kb4 39.Kc2 Kc5 40.Kd2 Kd4 
41.Ke2 Rh2+ 42.Kf1 Ke3 43.Kg1 Rb2 44.Rf1 Rd2 
45.Rc1 Re2 46.Rc3+ Kd2 47.Rc2+ Ke3 48.Rxe2+ Kxe2 
49.Kg2 b4 50.Ba4 Kd3 51.Kf2 Kc4 52.Bb3+ Kd3 53.Ba4 
Kc4 54.Be8 Kxd5 55.Bxh5 c5 56.Bxg4 c4 57.Bd1 Ke4 
58.Ke2 d5 59.Bc2+ Kd4 60.g4 Kc3 61.Bf5 Kd4 62.g5 
Ke5 63.g6 Kf6 64.Ke3 1-0

[Event "HCL-C4164"]
[Site "www.playchess.de"]
[Date "2006.03.06"]
[Round "4"]
[White "Varaboca"]
[Black "Milosforman"]
[WhiteElo "971"]
[BlackElo "967"]
[PlyCount "71"]
[Result "1-0"]

1.d4 {Salud and good luck}  d6 2.e4 e6 3.g3 c6 
4.Bd2 b5 5.b4 Bd7 6.Bh3 Be7 7.Nf3 Nf6 8.e5 dxe5 
9.Nxe5 Qb6 10.Nf3 Ne4 11.Be3 Bxb4+ 12.Nbd2 Bc3 
13.Rb1 Qa5 14.O-O e5 15.Bg2 Bg4 16.Nxe4 Bxf3 
17.Bxf3 Bb4 18.c3 Be7 19.Ra1 O-O 20.dxe5 Nd7 
21.Qxd7 Ba3 22.Qxc6 Rac8 23.Qd5 Bb2 24.Rab1 Rfd8 
25.Nd6 Rc7 26.Rxb2 Qxc3 27.Rb3 Qc2 28.Rc1 Qxc1+ 
29.Bxc1 Rxc1+ 30.Kg2 Rc2 31.Qxf7+ Kh8 32.Qf5 Rxa2 
33.Nf7+ Kg8 34.Nxd8 Rd2 35.Qf7+ Kh8 
36.Qf8+ 1-0